Support to a robust model assessment, benchmark and development of a management strategy evaluation for cod in NAFO division 3M

Bibliographic Details
Main Author: Gonzl̀ez-Troncoso, Diana
Other Authors: Gonzl̀ez-Costas, Fernando, Urtizberea, Agurtzane, Alpoim, Ricardo, Fernǹdez, Carmen, Brunel, Thomas, de Oliveira, Još, ℓvila, Antonio, Přez, Alfonso, Apostolaki, Panayiota, Cerviǫ, Santiago, Romǹ, Esther, Garca̕, Dorleta, Iriondo, Ane, Santos, Eduardo
Format: eBook
Language:English
Published: Bruselas: European Union Publications Office, 2020
Subjects:
Online Access:Acceso restringido

MARC

LEADER 00000nam a22000007a 4500
005 20220418222230.0
007 cr|||| ||||
008 220418s2020 eu |||||s|||| 00||0 eng d
020 |a 978-92-9460-207-7 
035 |a 34360 
040 |a vLex 
090 |c 13194  |d 13194 
100 1 |a Gonzl̀ez-Troncoso, Diana 
245 1 0 |a Support to a robust model assessment, benchmark and development of a management strategy evaluation for cod in NAFO division 3M  |h [Recurso electrn̤ico] /  |c Diana Gonzl̀ez-Troncoso, Fernando Gonzl̀ez-Costas, Agurtzane Urtizberea, Ricardo Alpoim, Carmen Fernǹdez, Thomas Brunel, Jos ̌de Oliveira, Antonio ℓvila, Alfonso Přez, Panayiota Apostolaki, Santiago Cerviǫ, Esther Romǹ, Dorleta Garca̕, Ane Iriondo, Eduardo Santos 
256 |a Servicio en ln̕ea 
260 |a Bruselas:  |b European Union Publications Office,  |c 2020 
300 |a 1 recurso electrn̤ico 
500 |a Provision of scientific advice for fisheries beyond EU waters: final report. 
506 1 |a Disponible solo en los productos indicados  |d vLex Global  |d vLex Global (Academic Edition, excluding Law Schools)  |d vLex Global (U.S. Academic Edition, Law Schools)  |d vLex Global (U.S. Academic Edition, excluding Law Schools)  |d vLex Global (Academic Edition, Law Schools) 
650 0 4 |a Pesca  |z Unin̤ Europea 
650 0 4 |a Derecho Comunitario  |z Unin̤ Europea 
700 1 |a Gonzl̀ez-Costas, Fernando 
700 1 |a Urtizberea, Agurtzane 
700 1 |a Alpoim, Ricardo 
700 1 |a Fernǹdez, Carmen 
700 1 |a Brunel, Thomas 
700 1 |a de Oliveira, Još 
700 1 |a ℓvila, Antonio 
700 1 |a Přez, Alfonso 
700 1 |a Apostolaki, Panayiota 
700 1 |a Cerviǫ, Santiago 
700 1 |a Romǹ, Esther 
700 1 |a Garca̕, Dorleta 
700 1 |a Iriondo, Ane 
700 1 |a Santos, Eduardo 
740 0 |a vLex Libros (Servicio en ln̕ea) 
856 4 0 |u https://app.vlex.com/#/sources/34360  |z Acceso restringido 
942 |c BOOK 
999 0 |a Fishing 
999 0 |a Community Law